=LDR 00000nam 2200000 4500 =001 INLIS00000000000065 =005 20260702043538 =020 ##$$a 978-623-293-307-1 =082 ##$$a 302.231 =100 1#$$a Edib, Lathifah =245 1 $$a Menjadi Kreator Konten Di Era Digital /$c Lathifah Edib =300 ##$$a 84 ; 14x20